LEADER 02692nam 22006734a 450 001 9910967395303321 005 20251117072539.0 010 $a9786612403606 010 $a9781282403604 010 $a1282403605 010 $a9780815703914 010 $a0815703910 035 $a(CKB)1000000000817534 035 $a(EBL)472698 035 $a(OCoLC)664231149 035 $a(SSID)ssj0000334422 035 $a(PQKBManifestationID)11929194 035 $a(PQKBTitleCode)TC0000334422 035 $a(PQKBWorkID)10260350 035 $a(PQKB)11190486 035 $a(OCoLC)489254163 035 $a(MdBmJHUP)muse35220 035 $a(Au-PeEL)EBL472698 035 $a(CaPaEBR)ebr10338445 035 $a(CaONFJC)MIL240360 035 $a(Perlego)742965 035 $a(MiAaPQ)EBC472698 035 $a(iGPub)BIPB0000075 035 $a(EXLCZ)991000000000817534 100 $a20090625d2009 uy 0 101 0 $aeng 135 $aur|n|---||||| 181 $ctxt 182 $cc 183 $acr 200 10$aAdvice & dissent $ethe struggle to shape the federal judiciary /$fSarah A. Binder and Forrest Maltzman 205 $a1st ed. 210 $aWashington, D.C. $cBrookings Institution Press$dc2009 215 $a1 online resource (214 p.) 300 $aDescription based upon print version of record. 311 08$a9780815703402 311 08$a0815703406 320 $aIncludes bibliographical references and index. 327 $aThe struggle to shape the federal judiciary -- The origins and evolution of advice and consent -- How senators influence the choice of nominees -- The dynamics of Senate confirmation -- Constructing the federal bench -- The consequences of conflict over judicial selection -- Reforming advice and consent. 330 $a"Explores the state of the federal judicial selection system. Reconstructs the history and contemporary practice of advice and consent, identifying political, institutional causes of conflict over judicial selection and consequences of such battles. Advocates pragmatic reforms of the institutions of judicial selection that harness incentives of presidents and senators together"--Provided by publisher. 517 3 $aStruggle to shape the federal judiciary 517 3 $aAdvice and dissent 606 $aJudges$xSelection and appointment$zUnited States 615 0$aJudges$xSelection and appointment 676 $a347.73/14 700 $aBinder$b Sarah A$01896546 701 $aMaltzman$b Forrest$f1963-$01102104 801 0$bMiAaPQ 801 1$bMiAaPQ 801 2$bMiAaPQ 906 $aBOOK 912 $a9910967395303321 996 $aAdvice & dissent$94551268 997 $aUNINA